Anodized aluminum ; [papers].

Bibliographic Details
Corporate Authors: Symposium on Anodized Aluminum Cleveland, American Society for Testing and Materials. Committee B-8 on Electrodeposited Metallic Coatings and Related Finishes
Format: Conference Proceeding Book
Language:English
Published: Philadelphia : American Society for Testing Materials, [1965]
Series:ASTM special technical publication ; 388.
Subjects:

MARC

Tag First Indicator Second Indicator Subfields
LEADER 00000cam a2200000 4500
001 in00000094110
005 20150927070249.0
008 750930s1965 paua b 00000 eng
010 |a  65023473  
035 |a (OCoLC)01665491 
035 |9 AAL5965AM 
040 |a DLC  |c FQG  |d TXA  |d UtOrBLW 
049 |a TXAM  |c [511836] 
050 0 0 |a TS694.2  |b .S8 1965aa 
082 0 |a 673.722739 
111 2 |a Symposium on Anodized Aluminum  |d (1965 :  |c Cleveland) 
245 1 0 |a Anodized aluminum ;  |b [papers]. 
264 1 |a Philadelphia :  |b American Society for Testing Materials,  |c [1965] 
300 |a volumes 144 pages :  |b illustrations ;  |c 23 cm. 
336 |a text  |b txt  |2 rdacontent 
337 |a unmediated  |b n  |2 rdamedia 
338 |a volume  |b nc  |2 rdacarrier 
490 1 |a ASTM special technical publication no. 388 
500 |a "Sponsored by Subcommittee IV on Electroplating Practice of Committee B-8 on Electrodeposited Metallic Coatings and Related Finishes." 
504 |a Includes bibliographies. 
650 0 |a Aluminum  |x Anodic oxidation. 
710 2 |a American Society for Testing and Materials.  |b Committee B-8 on Electrodeposited Metallic Coatings and Related Finishes. 
830 0 |a ASTM special technical publication ;  |v 388. 
999 |a MARS 
999 f f |s ebb7108a-b3c9-3369-92db-7a9d373931c9  |i bc543862-c7a5-313b-9023-3aca46ebde6d  |t 0 
952 f f |p ric  |a Texas A&M University  |b Rellis Campus  |c Joint Library Facility  |d Remote Storage  |t 0  |e TS694.2 .S8 1965aa  |h Library of Congress classification  |i unmediated -- volume  |m A14805648583 
998 f f |a TS694.2 .S8 1965aa  |t 0  |l Remote Storage